Countries with IMAX - Statistics

General Stats
  • This quiz has been taken 84 times
    82 since last reset
  • The average score is 53 of 71
Answer Stats
Country % Correct
United Kingdom
97%
United States
97%
China
96%
Canada
94%
Australia
93%
Germany
93%
Mexico
93%
Sweden
93%
Argentina
91%
Brazil
91%
France
91%
Japan
91%
Norway
90%
Spain
90%
Russia
88%
South Korea
88%
Belgium
87%
Indonesia
87%
Italy
87%
India
85%
New Zealand
85%
Poland
85%
South Africa
85%
United Arab Emirates
85%
Austria
84%
Netherlands
84%
Thailand
84%
Chile
82%
Denmark
82%
Ireland
82%
Portugal
82%
Turkey
82%
Colombia
81%
Saudi Arabia
81%
Vietnam
79%
Egypt
78%
Qatar
78%
Hungary
75%
Czech Republic
74%
Israel
74%
Singapore
74%
Switzerland
74%
Bahrain
72%
Malaysia
72%
Romania
72%
Ukraine
72%
Panama
71%
Philippines
71%
Oman
68%
Estonia
66%
Kuwait
66%
Morocco
66%
Slovakia
66%
Taiwan
66%
Pakistan
65%
Ecuador
63%
Jordan
63%
Nigeria
63%
Bulgaria
60%
Cambodia
60%
Dominican Republic
57%
Costa Rica
56%
Croatia
56%
Kenya
54%
Lebanon
54%
Guatemala
51%
Azerbaijan
50%
Kazakhstan
50%
Mongolia
41%
Georgia
37%
Trinidad and Tobago
21%
No matching quizzes found
Score Distribution
Percent of People with Each Score
Percentile by Number Answered
Your Score History
You have not taken this quiz since the last reset